Indian States (no map) - Statistics

General Stats
  • This quiz has been taken 119 times
  • The average score is 26 of 36
Answer Stats
State/Union Territories % Correct
Kerala
90%
Tamil Nadu
90%
Delhi
87%
Jammu and Kashmir
87%
Punjab
87%
Uttar Pradesh
85%
Andhra Pradesh
84%
Gujarat
84%
Maharashtra
82%
West Bengal
81%
Assam
80%
Goa
78%
Telangana
78%
Karnataka
77%
Odisha
76%
Bihar
73%
Haryana
73%
Rajasthan
73%
Arunachal Pradesh
72%
Madhya Pradesh
72%
Himachal Pradesh
70%
Manipur
70%
Nagaland
67%
Sikkim
67%
Uttarakhand
65%
Jharkhand
63%
Puducherry
63%
Mizoram
62%
Tripura
62%
Meghalaya
59%
Andaman And Nicobar islands
57%
Lakshadweep
57%
Chandigarh
56%
Chhattisgarh
49%
Daman and Diu
49%
Dadra And Nagar Haveli
38%
No matching quizzes found
Score Distribution
Percent of People with Each Score
Percentile by Number Answered
Your Score History
You have not taken this quiz